Xin đừng quên lời nhà báo hồ Chí Minh
Wedi'i Gadw mewn:
| Prif Awdur: | |
|---|---|
| Fformat: | Llyfr |
| Iaith: | Undetermined |
| Cyhoeddwyd: |
Đà Nẵng
Nhà xuất bản Đà Nẵng
2005
|
| Pynciau: | |
| Tagiau: |
Ychwanegu Tag
Dim Tagiau, Byddwch y cyntaf i dagio'r cofnod hwn!
|
| Thư viện lưu trữ: | Trung tâm Học liệu Trường Đại học Cần Thơ |
|---|
| LEADER | 00635nam a2200205Ia 4500 | ||
|---|---|---|---|
| 001 | CTU_125944 | ||
| 008 | 210402s9999 xx 000 0 und d | ||
| 020 | |c 34000 | ||
| 082 | |a 070.9 | ||
| 082 | |b X311 | ||
| 100 | |a Đinh Chương | ||
| 245 | 0 | |a Xin đừng quên lời nhà báo hồ Chí Minh | |
| 245 | 0 | |c Đinh Chương và các đồng nghiệp | |
| 260 | |a Đà Nẵng | ||
| 260 | |b Nhà xuất bản Đà Nẵng | ||
| 260 | |c 2005 | ||
| 650 | |a Ho Chi Minh,Ho Chi Minh | ||
| 650 | |x Biography,Journalism | ||
| 904 | |i Quang Hiếu | ||
| 980 | |a Trung tâm Học liệu Trường Đại học Cần Thơ | ||